Production and Operations Mgt. (Record no. 3488)

MARC details
000 -LEADER
fixed length control field 00387nam a22001697a 4500
005 - DATE AND TIME OF LATEST TRANSACTION
control field 20160622105125.0
008 - FIXED-LENGTH DATA ELEMENTS--GENERAL INFORMATION
fixed length control field 160622b xxu||||| |||| 00| 0 eng d
020 ## - INTERNATIONAL STANDARD BOOK NUMBER
ISBN 978-81-203-3203-4
041 ## - LANGUAGE CODE
Language code of text/sound track or separate title eng
082 ## - DEWEY DECIMAL CLASSIFICATION NUMBER
Item number 8915
100 ## - MAIN ENTRY--AUTHOR NAME
Personal name Khanna,R.B
245 ## - TITLE STATEMENT
Title Production and Operations Mgt.
260 ## - PUBLICATION, DISTRIBUTION, ETC. (IMPRINT)
Name of publisher PHI
Year of publication 2008
300 ## - PHYSICAL DESCRIPTION
Number of Pages 491
650 ## - SUBJECT ADDED ENTRY--TOPICAL TERM
Topical Term Management
942 ## - ADDED ENTRY ELEMENTS (KOHA)
Koha item type Books
Holdings
Lost status Damaged status Collection code Home library Current library Shelving location Date acquired Cost, normal purchase price Accession Number Koha item type Full call number
    Reference JRU Library   SHELF-29-C 22/06/2016 325.00 8915 Books  
    MANAGEMENT JRU Library JRU Library SHELF- 68 A 22/06/2016 325.00 8916 Books 8915
    MANAGEMENT JRU Library JRU Library SHELF- 68 A 22/06/2016 325.00 8917 Books 8915
      JRU Library   SHELF- 68 A 22/06/2016 325.00 8918 Books 8915
    MANAGEMENT JRU Library JRU Library SHELF- 68 A 22/06/2016 325.00 8919 Books 8915